MARC

LEADER 00000nam0a2200000 4500
001 141327
005 20231031142410.0
010 |a 1852331607 
035 |a (RuTPU)RU\TPU\book\153177 
090 |a 141327 
100 |a 20080808d1999 km y0engy50 ba 
101 0 |a eng 
102 |a GB 
105 |a a z 001zy 
200 1 |a Total Eclipses: Science, Observations, Myths and Legends  |f P. Guillermier, S. Koutchmy 
210 |a London  |c Springer-Verlag  |d 1999 
215 |a 247 p.  |c il. 
225 1 |a Springer-Praxis Series in Astronomy 
320 |a Bibliography: p. 237-239. 
610 1 |a астрофизика 
610 1 |a солнечные затмения 
610 1 |a лунные затмения 
610 1 |a наука 
610 1 |a наблюдения 
610 1 |a мифы 
610 1 |a легенды 
610 1 |a английский язык 
610 1 |a полные затмения 
675 |a 521.8  |v 3 
700 1 |a Guillermier  |b P.  |g Pierre 
701 1 |a Koutchmy  |b S.  |g Serge 
801 1 |a RU  |b 63413507  |c 20080808  |g PSBO 
801 2 |a RU  |b 63413507  |c 20080909  |g PSBO 
942 |c BK